| 000 | 01029cam a2200277 a 4500 | ||
|---|---|---|---|
| 001 | 000006944 | ||
| 005 | 20200929154028.0 | ||
| 008 | 990616s1998 ve b 000 0dspa | ||
| 020 | _a9806197534 | ||
| 035 | _a(DLC) 99216965 | ||
| 035 | _a(BoCbEI)ei 981000516 | ||
| 040 |
_aDO-SdBNP _cDLC _dDLC _dBNPHU |
||
| 082 |
_a923.2866 _bG216C |
||
| 100 | 1 |
_aCastillo, Ocarina, _d1951- _919273 |
|
| 245 | 1 | 0 |
_aGabriel García Moreno o el orden de la piedad intolerante / _cOcarina Castillo. |
| 246 | 1 | 4 | _aGabriel Garcia Moreno o la piedad intolerante |
| 260 |
_aCaracas : _bFundación Centro de Estudios Latinoamericanos Rómulo Gallegos : _bFACES/UCV : _bFacultad de Ciencias Económicas y Sociales, _cc1998. |
||
| 300 |
_a153 p. ; _c22 cm. |
||
| 490 | 1 | _aLa alborada | |
| 504 | _aBibliografía: (p 133-136). | ||
| 600 | 1 | 0 |
_aGARCÍA MORENO, GABRIEL, _d1821-1875. _919274 |
| 651 | 4 |
_aEcuador _xHistoria _y1830-1895 _xHistoriografía _919275 |
|
| 830 | 0 |
_aLa alborada. _915958 |
|
| 910 | _aCatalogación por copia / LC | ||
| 049 | _aBNGR | ||
| 999 |
_c6728 _d6728 |
||